Géographie de l'Afrique - Statistiques

Statistiques générales
  • Ce quiz a été pris 41 fois
  • Le résultat moyen est 8 sur 15
Statistiques - réponses
Hint Réponse % Correct
Le plus grand lac d'Afrique. Lac Victoria
95%
Sommet Africain culminant à 5 895 mètres de haut Kilimandjaro
92%
Nom donné communément à la péninsule à l'Est de l'Afrique Corne de l'Afrique
87%
Plus long fleuve d'Afrique de l'ouest Niger
87%
Massif situé au Maghreb, du Maroc à la Tunisie Atlas
85%
Formation végétale des zones chaudes d'Afrique, on peut y faire des safaris Savane
74%
Zone géographique, sorte de ceinture, au Sud du Sahara, théâtre de nombreux conflits armés dans les dernières années Sahel
62%
Point le plus méridionale d'Afrique Le Cap de Bonne-Espérance
54%
Région autonome portugaise connu pour ses vins et son volcan Madère
44%
Capitale la plus haute d'Afrique Addis-Abeba
41%
Province de l'Est de la République Démocratique du Congo, qui provoque des tensions à cause de ses sols riches en métaux rares Kivu
31%
Point le plus septentrional d'Afrique Le Cap Bon
8%
Chutes d'eau la plus haute d'Afrique Chutes de la {Tugela}
0%
Sources d'eau chaude situées en Éthiopie Dépression de {Danakil}
0%
Zone disputée entre le Soudan et l'Égypte Triangle de {Hala'ib}
0%
Aucun quiz correspondant
Distribution des résultats
% des personnes avec chaque résultat
Percentile par nombre de réponses
Votre historique - résultats
Vous n’avez pas pris ce quiz